000 01977nam a22001577a 4500
999 _c515829
_d515829
008 210209b ||||| |||| 00| 0 eng d
100 _aSwaminathan, Madhura
_924308
245 _aContemporary features of rural workers in India with a focus on gender and caste
260 _aThe Indian Journal of Labour Economics
300 _a 63(1), Jan-Mar, 2020: p.67-79
520 _aThis paper explores the features of rural labour markets in the contemporary period with a focus on women workers, based on secondary data as well as the PARI archive of village data. The first argument is that the low female work participation ratio, as reported by labour force surveys, may be misleading. The picture is very different with time-use data: the majority of women are found to be engaged in economic activity, with clear seasonal variations. Secondly, women workers are more dependent on agriculture than male workers. The relative absence of non-agricultural employment among women workers is consistent with the argument that women face constraints to physical mobility and prefer employment near their homes. The third notable feature of recent times is that large numbers of women, from different social groups and economic classes, participated in the employment generated under National Rural Employment Guarantee Scheme. This evidence put together suggests that if appropriate employment opportunities are provided, the number and proportion of women workers will rise. The fourth striking feature of rural labour markets is the persistence of a large gender gap in wages. Lastly, Scheduled Castes typically comprised the major share of the rural female labour force. – Reproduced
650 _aWomen workers, Caste, Rural village study, Work participation, Unemployment, Time-use survey, NREGS Agricultural employment, Gender gap in wage rates, India, PARI
_921923
773 _aThe Indian Journal of Labour Economics
906 _aRURAL LABOURERS - INDIA
942 _cAR